Los migrantes de la globalización /
Gorde:
| Egile nagusia: | |
|---|---|
| Formatua: | Ezezaguna |
| Argitaratua: |
San José:
Editorial UCR
|
| Etiketak: |
Etiketa erantsi
Etiketarik gabe, Izan zaitez lehena erregistro honi etiketa jartzen!
|
MARC
| LEADER | 00000 a2200000 04500 | ||
|---|---|---|---|
| 001 | 35864 | ||
| 003 | cru CIDCACS/IIS | ||
| 005 | 20170512155330.0 | ||
| 008 | 991231s d | ||
| 020 | |a 978-9968-46-034-7 | ||
| 022 | |a 978-9968-46-034-7 | ||
| 040 | |c CIDCACS/IIS | ||
| 090 | |a PS05.01.01 D633p | ||
| 100 | 1 | |a Neuburger, Alicia |9 4706 | |
| 245 | |a Los migrantes de la globalización / |c Alicia Neuburger | ||
| 260 | |a San José: |b Editorial UCR | ||
| 300 | |a Páginas 64-72 | ||
| 942 | |2 ddc |c LI | ||
| 773 | 0 | |0 166 |9 816 |a Dobles Oropeza, Ignacio |d San José: Editorial UCR |o 03436 |t Psicología de la liberación en le contexto de la globalización neoliberal: |w (cru CIDCACS/IIS)35869 |x 978-9968-46-034-7 |z 978-9968-46-034-7 | |
| 999 | |c 2362 |d 2362 | ||



